LEADER 01442nam a2200313 i 4500 001 000000078408 003 CaOOAMICUS 005 20030604000000.0 008 030604s1958 fr u000 u mul u 013 $a50645 040 $aSeMil$bita 100 0 $aDionysius : Areopagita,$d.$0(OLS)http://semarc/name/2695 245 13$aLa hiérarchie céleste /$cDenys l'Aréopagite ; introduction par René Roques ; étude et texte critiques par Günther Heil ; traduction et notes par Maurice de Gandillac. 260 $aParis :$bLes Éditions du Cerf,$c1958. 300 $aXCV, 225, [122] p. ;$c20 cm. 490 0 $aSources Chrétiennes ;$vN°58 500 $aTesto greco a fronte. - Dalla biblioteca del card. Giovanni Colombo. 700 1 $aGandillac, Maurice : de,$d<1906-2006>.$0(OLS)http://semarc/name/25413 700 1 $aHeil, Günther,$d<1952-1990>.$0(OLS)http://semarc/name/16962 700 1 $aRoques, René <1917- >.$0(OLS)http://semarc/name/31771 830 0$aSources chrétiennes ;$vN°58.$0(OLS)http://semarc/title/72 850 $aSeMil 852 $aSeMil$W1$xVenegono$y1$mSL1.T II 58$j44338$B44338$CSeMilBibl$Z2$F46004 $8I 900 1 $aDionigi : Areopagita. 941 1 $a3 961 $aLascito: Colombo Card. Giovanni 996 $6245$aLa hiérarchie céleste$9(OLS)http://semarc/title/126783 996 $6260$aParis :$bLes Éditions du Cerf$9(OLS)http://semarc/publisher/29611 LEADER 01621nam a2200301 i 4500 001 000000171150 003 CaOOAMICUS 005 20080421000000.0 008 080421s2007 fr u000 u fre u 013 $a148574 020 $a978-2-7116-1965-8 040 $aSeMil$bita 100 1 $aBlignières, Louis-Marie : de.$0(OLS)http://semarc/name/64018 245 13$aLe mystère de l'être :$bl'approche thomiste de Guérard des Lauriers : avec la traduction de tous les textes où saint Thomas traite de la «nature de l'être» /$cpar Louis-Marie de Blignières ; préface de Serge-Thomas Bonino. 260 $aParis :$bVrin,$c2007. 300 $a454 p. ;$c24 cm. 490 0 $aBibliothèque thomiste ;$v60. 500 $aContiene : Bibliographie. 650 4$aTommaso : d'Aquino - Pensiero filosofico.$0(OLS)http://semarc/subject/871 650 4$aAnalogia dell'essere - Concezione [di] Tommaso : d'Aquino.$0(OLS)http://semarc/subject/9518 700 1 $aBonino, Serge Thomas,$c.$0(OLS)http://semarc/name/20687 830 0$aBibliothèque thomiste ;$v60.$0(OLS)http://semarc/title/124 850 $aSeMil 852 $aSeMil$W1$xVenegono$y1$m2YA D 60$j254042$B122025$CSeMilBibl$Z2$F133292 $81 961 $aSottoscrizione: Vrin 996 $6020$a978-2-7116-1965-8$9(OLS)http://semarc/number/158246 996 $6245$aLe mystère de l'être :$bl'approche thomiste de Guérard des Lauriers : avec la traduction de tous les textes où saint Thomas traite de la «nature de l'être»$9(OLS)http://semarc/title/244832 996 $6260$aParis :$bVrin$9(OLS)http://semarc/publisher/30640